Clubes da 1ªLiga Portuguesa 24/25 - Statistics

Estatísticas Gerais
  • Esse quiz foi jogado 42 vezes
  • A pontuação média é 7 de 18
Estatísticas das Respostas
Resposta % Correto
Sporting Clube de Portugal
59%
Boavista
56%
Futebol Clube do Porto
56%
Sport Lisboa e Benfica
53%
Arouca
47%
Casa Pia
47%
Santa Clara
47%
Estoril
44%
Famalicão
44%
Moreirense
44%
Nacional
44%
Avs
41%
Gil Vicente
41%
Rio Ave
34%
Vitória de Guimarães
34%
Estrela Amadora
25%
Sporting Braga
22%
Sporting Farense
9%
Nenhum quiz correspondente encontrado
Distribuição das Pontuações
Porcentagem de Pessoas com Cada Pontuação
Percentil de Números Respondidos
Sua Pontuação Histórica
Você não jogou esse quiz